00340nam a2200133Ia 4500008004100000020001500041041000800056082002100064100002000085245004000105260003900145300000800184365001400192140306s9999 xx 000 0 und d a8131705587 aeng a005.133bCRO/ASP aCrouch, Matt J. aASP. Net and VB.Net Web Programming aNew DelhibPearson Educationc2006 a741 bRs. 475/-